Ecology : (رقم التسجيلة. 75149)

تفاصيل مارك
000 -الفاتح
حقل البيانات ثابتة الطول 01908cam a2200313 i 4500
001 - رقم الضبط
رقم الضبط 880541320
003 - محدد رقم الضبط
رقم الضبط OSt
005 - وقت وتاريخ اخر تعامل مع التسجيلة
رقم الضبط 20180923144739.0
008 - عناصر البيانات ثابتة الطول - معلومات عامة
حقل البيانات ثابتة الطول 140517s2016 nyua b 001 0 eng
010 ## - رقم ضبط مكتبة الكونجرس
رقم ضبط مكتبة الكونجرس 2014019402
020 ## - الرقم الدولى المعيارى للكتب
الرقم الدولى المعيارى للكتاب 9780077837280
Qualifying information (alk. paper)
020 ## - الرقم الدولى المعيارى للكتب
الرقم الدولى المعيارى للكتاب 0077837282
Qualifying information (alk. paper)
020 ## - الرقم الدولى المعيارى للكتب
الرقم الدولى المعيارى للكتاب 9781259254550
020 ## - الرقم الدولى المعيارى للكتب
الرقم الدولى المعيارى للكتاب 1259254550
040 ## - مصدر الفهرسة
وكالة الفهرسة الأصلية DLC
لغة الفهرسة eng
قواعد الوصف rda
وكالة النسخ DLC
وكالة التعديل OCLCF
-- SINIE
-- CDX
-- OCLCO
-- COO
-- YDXCP
-- OCLCQ
-- CDN
042 ## - رمز التحقق
رمز التحقق pcc
050 #4 - رقم طلب مكتبة الكونجرس
رقم التصنيف QH541
رقم المادة .M553 2016
050 00 - رقم طلب مكتبة الكونجرس
رقم التصنيف QH541
رقم المادة .M553 2016
050 #4 - رقم طلب مكتبة الكونجرس
رقم التصنيف QH541
رقم المادة .M553 2016
082 00 - رقم تصنيف ديوى العشرى
رقم التصنيف 577
رقم الطبعة 23
رقم المادة MME
100 1# - المدخل الرئيسى - إسم شخصى
الإسم الشخصى Molles, Manuel C.,
العنوان والكلمات الأخرى المصاحبة للاسم Jr.,
التواريخ المصاحبة للاسم 1948-
9 (RLIN) 65037
245 10 - بيان العنوان
العنوان Ecology :
بقية العنوان concepts and applications /
بيان المسئوليه,etc Manuel C. Molles, Jr., University of New Mexico
250 ## - بيان الطبعة
بيان الطبعة Seventh edition
300 ## - الوصف المادى
التعداد xxiii, 567 pages :
تفاصيل ماديه اخرى للوعاء color illustrations ;
أبعاد الوعاء 28 cm
504 ## - تبصرة ببليوجرافية
تبصرة ببليوجرافية,الخ Includes bibliographical references (pages 543-553) and index
505 0# - تبصرة محتويات-الفهرس
تبصرة المحتويات المصاغة Introduction to ecology : historical foundations and developing frontiers -- Section I: Natural history and evolution. Life on land ; Life in water ; Population genetics and natural selection -- Section II: Adaptations to the environment. Temperature relations ; Water relations ; Energy and nutrient relations ; Social relations -- Section III: Population ecology. Population distribution and abundance ; Population dynamics ; Population growth ; Life histories -- Section IV: Interactions. Competition ; Exploitative interactions : predation, herbivory, parasitism, and disease ; Mutualism -- Section V: Communities and ecosystems. Species abundance and diversity ; Species interactions and community structure ; Primary and secondary production ; Nutrient cycling and retention ; Succession and stability ; Large-scale ecology ; Landscape ecology ; Geographic ecology ; Global ecology -- Appendix: Statistical tables
650 #0 - المدخل الاضافى بالموضوع-مصطلح موضوعى
مصطلح موضوعي أو اسم جغرافي كعنصر مدخل Ecology
9 (RLIN) 65038
942 ## - عناصر المدخل الإضافي( كوها)
مصدر التصنيف او مخطط الترفيف Dewey Decimal Classification
Koha [default] item type كتاب
المقتنيات
حالة الفقد نموذج السعر الفعال حالة تلف ليس للاعارة رقم الطلب تاريخ الاكتساب الموقع الحالي الباركود الفرع الرئيسي Date last seen نوع المادة فى نظام كوها مصدر التصنيف او خطة الترفيف Total Checkouts
  2018-09-21     577 MME 2018-09-21 المكتبة المركزية بالمجمعة (CL) 00751311 المكتبة المركزية بالمجمعة (CL) 2018-09-21 كتاب Dewey Decimal Classification  
  2018-09-21     577 MME 2018-09-21 المكتبة المركزية بالمجمعة (CL) 00751312 المكتبة المركزية بالمجمعة (CL) 2018-09-21 كتاب Dewey Decimal Classification  
  2018-09-21     577 MME 2018-09-21 المكتبة المركزية بالمجمعة (CL) 00751313 المكتبة المركزية بالمجمعة (CL) 2018-09-21 كتاب Dewey Decimal Classification  
  2018-09-21     577 MME 2018-09-21 مكتبة مجمع الطالبات بالمجمعة (EMF) 00751314 مكتبة مجمع الطالبات بالمجمعة (EMF) 2018-09-21 كتاب Dewey Decimal Classification  
  2018-09-21     577 MME 2018-09-21 مكتبة مجمع الطالبات بالمجمعة (EMF) 00751315 مكتبة مجمع الطالبات بالمجمعة (EMF) 2018-09-21 كتاب Dewey Decimal Classification  
  2018-09-21     577 MME 2018-09-21 مكتبة مجمع الكليات بالزلفى - طلاب (SZM) 00751316 مكتبة مجمع الكليات بالزلفى - طلاب (SZM) 2018-09-21 كتاب Dewey Decimal Classification  
  2018-09-21     577 MME 2018-09-21 مكتبة مجمع الكليات بالزلفى - طلاب (SZM) 00751317 مكتبة مجمع الكليات بالزلفى - طلاب (SZM) 2018-09-21 كتاب Dewey Decimal Classification